000 00318nam a2200133Ia 4500
100 _aAICTE
942 _cBK
654 _atools
245 _aCutting tools / metal Cutting C-NO :369
260 _bContinuing Education Programmer AICTE
_aBangalore
082 _a671.53
_bAICTE
300 _a68
546 _aENGLISH
999 _c23175
_d23175